Современные вопросы эндокринологии / (Record no. 468654)
[ view plain ]
| 000 -LEADER | |
|---|---|
| fixed length control field | 01787nam a2200253 a 4500 |
| 001 - CONTROL NUMBER | |
| control field | 000503187 |
| 003 - CONTROL NUMBER IDENTIFIER | |
| control field | AM-YeHGA |
| 005 - DATE AND TIME OF LATEST TRANSACTION | |
| control field | 20250617161301.0 |
| 008 - FIXED-LENGTH DATA ELEMENTS--GENERAL INFORMATION | |
| fixed length control field | 061010s2000 ru |||||r|||||000|0|rus|d |
| 040 ## - CATALOGING SOURCE | |
| Original cataloging agency | AM-YeHGA |
| 041 0# - LANGUAGE CODE | |
| Language code of text/sound track or separate title | rus |
| 090 ## - LOCALLY ASSIGNED LC-TYPE CALL NUMBER (OCLC); LOCAL CALL NUMBER (RLIN) | |
| -- | 471898 |
| 245 00 - TITLE STATEMENT | |
| Title | Современные вопросы эндокринологии / |
| Statement of responsibility, etc. | Под ред. Е.А. Васюковой. |
| 260 ## - PUBLICATION, DISTRIBUTION, ETC. | |
| Place of publication, distribution, etc. | Москва : |
| Name of publisher, distributor, etc. | Медицина,. |
| 300 ## - PHYSICAL DESCRIPTION | |
| Extent | Выпуск ; |
| Dimensions | 20 см. |
| 504 ## - BIBLIOGRAPHY, ETC. NOTE | |
| Bibliography, etc. note | Список лит. в конце ст. |
| 505 0# - FORMATTED CONTENTS NOTE | |
| Miscellaneous information | Вып. 1 (1960, 284 с.) |
| -- | Вып. 2 (1963, 310с. ; Библиогр.: с. 308-310) |
| -- | Вып. 3 (1969, 184 с.) : |
| Title | Стероидные гормоны (кортикостероиды, андрогены, эстрогены, прогестины) / |
| Statement of responsibility | Под ред. Н.А. Юдаева |
| Miscellaneous information | Вып. 4 (1972, 203 с.) : |
| Title | Химия и биохимия пептидно-белковых гормонов / |
| Statement of responsibility | Под ред. Н.А. Юдаева; АМН СССР |
| Miscellaneous information | Вып. 5 (1975, 195 с., ил.; Библиогр. в конце глав.) |
| Title | Болезнь и синдром Иценко-Кушинга : (патогенез, клиника, диагностика и лечение) / |
| Statement of responsibility | под ред. Н.А. Юдаева. |
| 650 14 - SUBJECT ADDED ENTRY--TOPICAL TERM | |
| Topical term or geographic name entry element | Эндокринология |
| 650 14 - SUBJECT ADDED ENTRY--TOPICAL TERM | |
| Topical term or geographic name entry element | Эндокринная система |
| General subdivision | Физиология |
| -- | Патофизиология |
| 650 14 - SUBJECT ADDED ENTRY--TOPICAL TERM | |
| Topical term or geographic name entry element | Эндокринной системы болезни |
| General subdivision | Этиология |
| -- | Метаболизм |
| -- | Иммунология |
| 650 14 - SUBJECT ADDED ENTRY--TOPICAL TERM | |
| Topical term or geographic name entry element | Гормонов аналоги |
| General subdivision | Биосинтез |
| -- | Метаболизм |
| 650 14 - SUBJECT ADDED ENTRY--TOPICAL TERM | |
| Topical term or geographic name entry element | Биохимические явления, обмен веществ и питание |
| 700 1# - ADDED ENTRY--PERSONAL NAME | |
| Personal name | Васюкова, Е.А. |
| Relator term | ред. |
| Relationship | edt |
| Withdrawn status | Lost status | Source of classification or shelving scheme | Damaged status | Not for loan | Collection | Home library | Current library | Date acquired | Serial enumeration / chronology | Total checkouts | Full call number | Barcode | Date last seen | Price effective from | Koha item type | Public note |
|---|---|---|---|---|---|---|---|---|---|---|---|---|---|---|---|---|
| Universal Decimal Classification | General | Fundamental Scientific Library | Fundamental Scientific Library | 16/03/2018 | Вып. 3 | PIII/29200 | FL0489908 | 16/03/2018 | 16/03/2018 | Գրքեր / Books | 30 Days Loan | |||||
| General | Fundamental Scientific Library | Fundamental Scientific Library | 05/02/2019 | Вып. 1 | РД II/37250 | FL0549311 | 05/02/2019 | 05/02/2019 | Գրքեր / Books | 30 Days Loan |
ՀՀ Գիտությունների ազգային ակադեմիայի հիմնարար գիտական գրադարան = Fundamental Scientific Library of NAS RA
All site content, except where otherwise noted, is licensed under a